000 00912cam a22002652 4500
001 0000025551
005 20151217154558.0
008 151024s xx 000 0 eng d
020 _a0414026728 :
040 _aKABU
_cKABU
100 1 _aFreeman, Michael D. A.
_@0000177804
245 1 0 _aLloyd's introduction to jurisprudence /
_cMichael D. A. Freeman.
250 _a9th ed.
260 _aLondon :
_bSweet & Maxwell,
_c2014.
300 _axlii, 1617 p.
650 0 _aLaw
_xPhilosophy.
_@0000177805
650 0 _aLaw
_xMethodology.
_@0000153283
650 0 _aJurisprudence.
_@0000153282
852 1 _9p10950 KES
852 1 _9p10950 KES
852 1 _9p10950 KES
852 1 _9p10950 KES
908 _a151024
950 _@1
999 _c11797
_d11797